| 000 | 00428nam a2200181Ia 4500 | ||
|---|---|---|---|
| 001 | 13624 | ||
| 005 | 20260306164814.0 | ||
| 008 | 260306t2009||||xx |||||||||||||| ||spa|| | ||
| 041 | _aESP | ||
| 082 |
_a005.1 _bL65 |
||
| 100 |
_aLin, Calvin _eAUT |
||
| 245 | 0 | _aPrinciples of parallel programming | |
| 260 | _c2009 | ||
| 300 |
_axii, 338 páginas : _c24 cm. |
||
| 650 | _aGEN | ||
| 654 | _aCCC | ||
| 942 |
_cLIB _dJUS _fJUS _2ddc _n |
||
| 999 |
_c13624 _d13624 |
||